000 00893nam a2200289Ia 4500
001 Para_4220
003 CHAP
008 220125s1938 xx 000 0 und d
010 _a202768
040 _cCHAP
090 _aPA FOLLETO 1279
100 _aFarrar, M. D
_939803
245 _aOil baits for grasshopper and armyworm control /
_c by M. D. Farrar, W. P. Flint, and Bigger
260 _aUrbana, Illinois :
_b Agricultural Experiment Station
300 _ap. 415-420
440 _aIllinois Agri. Exp. Sta. Bull; 442
_9168143
650 _aPetrĂ³leo como insecticida Chapulines Pseudaletia unipucta
_9168144
700 _aBigger, J. H.
_912664
700 _aFlint, W. P.
_941292
901 _aPA FOLLETO 1279
902 _aM
905 _a0000001938 URB 0000000000 00
910 _a1938
942 _cPARA
942 _cPARA
_d1
999 _c202768
_d202768